Central Library OPAC University of Rajshahi

Greco-roman drama / (Record no. 22908)

MARC details
000 -LEADER
fixed length control field 00559nam a22002057a 4500
001 - CONTROL NUMBER
control field 22908
003 - CONTROL NUMBER IDENTIFIER
rucl marc code BD-RjUL
005 - DATE AND TIME OF LATEST TRANSACTION
control field 20211209000853.0
008 - FIXED-LENGTH DATA ELEMENTS--GENERAL INFORMATION
fixed length control field 140309b1983 B ||||| |||| 00| 0 eng d
035 ## - SYSTEM CONTROL NUMBER
System control number (BD-RjUL)22973
040 ## - CATALOGING SOURCE
Original cataloging agency BD-RjUL
Language of cataloging eng
Transcribing agency BD-RjUL
041 ## - LANGUAGE CODE
Language code of text/sound track or separate title eng
082 ## - DEWEY DECIMAL CLASSIFICATION NUMBER
Classification number 879.92
Author mark and year CHG 1953
100 ## - MAIN ENTRY--PERSONAL NAME
Personal name Chowdhury, kabir
9 (RLIN) 68385
245 ## - TITLE STATEMENT
Title Greco-roman drama /
Statement of responsibility, etc. kabir Chowdhury
260 ## - PUBLICATION, DISTRIBUTION, ETC. (IMPRINT)
Place of publication, distribution, etc. Dhacca :
Name of publisher, distributor, etc. University of Dacca,
Date of publication, distribution, etc. 1983
300 ## - PHYSICAL DESCRIPTION
Pagination 72 P. ;
Size 22 CM.
650 ## - SUBJECT ADDED ENTRY--TOPICAL TERM
Topical term or geographic name as entry element Latin drama
General subdivision History and criticism.
9 (RLIN) 164667
942 ## - ADDED ENTRY ELEMENTS (KOHA)
Source of classification or shelving scheme Dewey Decimal Classification
Koha item type Books
Holdings
Lost status Source of classification or shelving scheme Damaged status Not for loan Collection code Permanent Location Current Location Shelving location Date acquired Source of acquisition Cost, normal purchase price Total Checkouts Full call number Date last seen Copy number Koha item type
  Dewey Decimal Classification   Added to bundle Fiction Central Library, University of Rajshahi Central Library, University of Rajshahi Reading Room 29/10/1990 shaukat osman 0.00   879.92 CHG 1983 09/03/2014 C-1 Books
  Dewey Decimal Classification     Non-fiction Central Library, University of Rajshahi Central Library, University of Rajshahi   03/04/1984 R.U. Gift     879.92 CHG 1983 29/03/2014 C-2 Books
  Dewey Decimal Classification     Non-fiction Central Library, University of Rajshahi Central Library, University of Rajshahi   03/04/1984 Dhaka university book centre 16.00   879.92 CHG 1983 14/11/2016 C-3 Books